<?xml version="1.0" encoding="UTF-8"?>
<resp>
  <nextPage>https://data.bn.org.pl/api/networks/bibs.marcxml?marc=001+b00001150003737&amp;sinceId=1150003738</nextPage>
  <collection>
    <record xmlns='http://www.loc.gov/MARC21/slim'><leader>01082namZa2200325ZiZ4500</leader><controlfield tag='001'>b00001150003737</controlfield><controlfield tag='005'>20241203220723.2</controlfield><controlfield tag='008'>230609s        pl           |000 0 pol c</controlfield><controlfield tag='009'>9913261539405606</controlfield><datafield ind1=' ' ind2=' ' tag='020'><subfield code='a'>8386973021</subfield></datafield><datafield ind1=' ' ind2=' ' tag='035'><subfield code='a'>KR_1KR_1_20120317224821030250-48omnis_kr</subfield></datafield><datafield ind1=' ' ind2=' ' tag='035'><subfield code='a'>KR_1_20120317224821030250</subfield><subfield code='9'>ExL</subfield></datafield><datafield ind1=' ' ind2=' ' tag='035'><subfield code='a'>(PL)b00001150003737</subfield></datafield><datafield ind1=' ' ind2=' ' tag='040'><subfield code='a'>KR_1</subfield><subfield code='c'>KR_1</subfield></datafield><datafield ind1='0' ind2=' ' tag='041'><subfield code='a'>pol</subfield></datafield><datafield ind1='0' ind2='0' tag='245'><subfield code='a'>Wybrane problemy integracji europejskiej /</subfield><subfield code='c'>pod red. : Maria C. Błaszczyk, Janusz Świerkocki.</subfield></datafield><datafield ind1=' ' ind2=' ' tag='260'><subfield code='a'>Łódź :</subfield><subfield code='b'>Instytut Europejski,</subfield><subfield code='c'>1998.</subfield></datafield><datafield ind1=' ' ind2=' ' tag='300'><subfield code='a'>220 s. :</subfield><subfield code='b'>rys., tab. ;</subfield><subfield code='c'>29 cm.</subfield></datafield><datafield ind1='1' ind2=' ' tag='490'><subfield code='a'>Integracja Europejska/Curricula ;</subfield><subfield code='v'>4</subfield></datafield><datafield ind1=' ' ind2=' ' tag='500'><subfield code='a'>n</subfield></datafield><datafield ind1='1' ind2=' ' tag='700'><subfield code='a'>Błaszczyk, Maria C.</subfield><subfield code='e'>Red.</subfield></datafield><datafield ind1='1' ind2=' ' tag='700'><subfield code='a'>Świerkocki, Janusz</subfield><subfield code='e'>Red.</subfield></datafield><datafield ind1=' ' ind2=' ' tag='852'><subfield code='b'>48OMNIS_NETWORK</subfield><subfield code='8'>9913261539405606</subfield></datafield><datafield ind1=' ' ind2=' ' tag='852'><subfield code='b'>48OMNIS_KR</subfield><subfield code='8'>991000037359708216</subfield></datafield><datafield ind1=' ' ind2=' ' tag='852'><subfield code='b'>48OMNIS_TL</subfield><subfield code='8'>991000293469608218</subfield></datafield><datafield ind1=' ' ind2=' ' tag='852'><subfield code='8'>225869710008218</subfield><subfield code='j'>1</subfield><subfield code='b'>TL_4_1</subfield><subfield code='p'>003821WD</subfield><subfield code='c'>TL_4_1_2</subfield></datafield><datafield ind1=' ' ind2=' ' tag='920'><subfield code='a'>83-86973-02-1</subfield></datafield></record>
  </collection>
</resp>
